[Event "Campeonato de España Universitario 2006"]
[Site "Madrid ESP "]
[Date "2006.05.06"]
[Round "2.13"]
[White "Alberola Mulet, Jairo"]
[Black "Almagro Llamas, Pablo"]
[Result "0-1"]
[WhiteElo "2156"]
[BlackElo "2357"]
[PlyCount "82"]
[EventDate "2006.05.06"]
[EventType "swiss"]
[EventRounds "9"]
[EventCountry "ESP"]
[Source "lmi"]
[SourceDate "2006.05.10"]

1. e4 c6 2. d4 d5 3. e5 Bf5 4. Nc3 e6 5. g4 Bg6 6. Nge2 c5 7. Be3 Nc6 8. dxc5
Nxe5 9. Nd4 Bxc5 10. Nxe6 fxe6 11. Bxc5 Nf6 12. Bb5+ Kf7 13. Qe2 Rc8 14. Bd4
Nexg4 15. O-O-O a6 16. Bd3 Bxd3 17. Rxd3 Re8 18. f4 Nh6 19. Rh3 Nf5 20. Bxf6
Qxf6 21. Rxh7 Qg6 22. Rh3 Rc4 23. Qf2 Rec8 24. Rg1 Qf6 25. Rg2 Qd4 26. Qe2 b5
27. a3 a5 28. Rd3 Qxf4+ 29. Kb1 d4 30. Rf3 Qh6 31. Ne4 Kg8 32. c3 dxc3 33. bxc3
Nd4 34. Qd3 Nxf3 35. Qxf3 Rf8 36. Qd3 Qf4 37. Nd2 Rc5 38. Rg3 Rd5 39. Qg6 Qf5+
40. Ne4 Qxg6 41. Rxg6 Re5 0-1

[Event "Campeonato de España Universitario 2006"]
[Site "Madrid ESP "]
[Date "2006.05.06"]
[Round "2.14"]
[White "Navarro Cia, Miguel"]
[Black "Cuesta Bustos, Raul"]
[Result "1-0"]
[WhiteElo "2350"]
[BlackElo "2158"]
[PlyCount "87"]
[EventDate "2006.05.06"]
[EventType "swiss"]
[EventRounds "9"]
[EventCountry "ESP"]
[Source "lmi"]
[SourceDate "2006.05.10"]

1. e4 e6 2. Nc3 d5 3. Nf3 d4 4. Ne2 c5 5. c3 dxc3 6. bxc3 Nc6 7. Ng3 Qc7 8. Be2
Nf6 9. O-O Bd6 10. d4 Bxg3 11. hxg3 Nxe4 12. Qd3 Nf6 13. Bf4 Qd8 14. dxc5 Qxd3
15. Bxd3 Nd5 16. Bd6 Nxc3 17. Rfc1 Nd5 18. Rab1 f6 19. Bc4 Kf7 20. Bxd5 exd5
21. Rd1 Nd8 22. Rxd5 Be6 23. Rd2 Rc8 24. Nd4 Bc4 25. Nf5 g6 26. Rb4 b5 27. cxb6
axb6 28. Ne3 b5 29. Nxc4 bxc4 30. Rc2 Ke6 31. Bf4 g5 32. Be3 Kd5 33. Rb5+ Ke6
34. Rb6+ Rc6 35. Rxc4 Kd7 36. Rd4+ Kc7 37. Rdb4 h5 38. a4 Ne6 39. Rb7+ Kd6 40.
a5 Ra8 41. Bb6 Ra6 42. Rf7 Ke5 43. Rb5+ Ke4 44. Rxf6 1-0

[Event "Campeonato de España Universitario 2006"]
[Site "Madrid ESP "]
[Date "2006.05.06"]
[Round "2.15"]
[White "Almeria Vivo, Marc"]
[Black "Camarena Gimenez, Rufino"]
[Result "0-1"]
[WhiteElo "2149"]
[BlackElo "2342"]
[PlyCount "62"]
[EventDate "2006.05.06"]
[EventType "swiss"]
[EventRounds "9"]
[EventCountry "ESP"]
[Source "lmi"]
[SourceDate "2006.05.10"]

1. e4 e6 2. d4 d5 3. Nd2 Nf6 4. e5 Nfd7 5. f4 c5 6. c3 Nc6 7. Ndf3 Qb6 8. g3
cxd4 9. cxd4 Bb4+ 10. Kf2 g5 11. fxg5 Ndxe5 12. Nxe5 Nxe5 13. Kg2 Nc6 14. Nf3
Bf8 15. b3 Bg7 16. Bb2 Bd7 17. Rc1 h6 18. Qd2 Qd8 19. g6 fxg6 20. Bd3 O-O 21.
Bxg6 Rxf3 22. Rcf1 Rf6 23. Bb1 Qe7 24. Qd3 Rf5 25. g4 Qg5 26. Kh3 h5 27. Rhg1
hxg4+ 28. Rxg4 Qh5+ 29. Rh4 Qg6 30. Ba3 e5 31. Rxf5 e4 0-1

[Event "Campeonato de España Universitario 2006"]
[Site "Madrid ESP "]
[Date "2006.05.06"]
[Round "3.1"]
[White "Navarro Ortiz de Ortuño, Borja"]
[Black "Perez Candelario, Manuel"]
[Result "1/2-1/2"]
[WhiteElo "2250"]
[BlackElo "2511"]
[PlyCount "134"]
[EventDate "2006.05.06"]
[EventType "swiss"]
[EventRounds "9"]
[EventCountry "ESP"]
[Source "lmi"]
[SourceDate "2006.05.10"]

1. d4 d5 2. Nf3 Nf6 3. g3 c6 4. Bg2 Bf5 5. O-O h6 6. c4 e6 7. Nc3 Nbd7 8. Re1
Be7 9. Ne5 O-O 10. cxd5 exd5 11. Qb3 Qb6 12. Qxb6 axb6 13. e4 dxe4 14. Nxd7
Bxd7 15. Nxe4 Nxe4 16. Bxe4 Bf6 17. Be3 Be6 18. a3 Rfd8 19. Red1 Rd7 20. Bc2 b5
21. Rd2 Rad8 22. Rad1 Bg4 23. Re1 Kf8 24. Kg2 Bxd4 25. Bxd4 Rxd4 26. Rxd4 Rxd4
27. Re4 Rxe4 28. Bxe4 Ke7 29. f3 Be6 30. Kf2 Kd6 31. b4 Bd5 32. Bc2 c5 33. Ke3
b6 34. Bb1 Be6 35. Be4 g6 36. f4 Bd7 37. Bf3 Bc6 38. Be2 g5 39. Bd3 Ke6 40. Bc2
Kf6 41. Bb1 Bd7 42. Bd3 Be8 43. Bc2 Bd7 44. Bd3 c4 45. Be4 gxf4+ 46. gxf4 Ke6
47. Kd4 Kd6 48. Bc2 Bc6 49. Bf5 Bf3 50. Bc8 Bg2 51. Bf5 Bc6 52. Bc2 Ke6 53. Bb1
Bf3 54. Bc2 f5 55. Ke3 Bh5 56. Kd4 Bf3 57. Ke3 Be4 58. Bd1 Kd5 59. Bh5 Kd6 60.
Kd4 Bc6 61. Bf7 Ke7 62. Bh5 Ke6 63. Bg6 Bd7 64. Bh5 Bc6 65. Bg6 Kf6 66. Bh5 Ke6
67. Bg6 Kf6 1/2-1/2

[Event "Campeonato de España Universitario 2006"]
[Site "Madrid ESP "]
[Date "2006.05.06"]
[Round "3.2"]
[White "Vila Antunez, Joaquin"]
[Black "Ibarra Jerez, Jose Carlos"]
[Result "0-1"]
[WhiteElo "2236"]
[BlackElo "2445"]
[PlyCount "110"]
[EventDate "2006.05.06"]
[EventType "swiss"]
[EventRounds "9"]
[EventCountry "ESP"]
[Source "lmi"]
[SourceDate "2006.05.10"]

1. d4 Nf6 2. Nf3 g6 3. Bf4 Bg7 4. e3 d6 5. Bd3 O-O 6. O-O Nbd7 7. Nbd2 Qe8 8.
e4 e5 9. dxe5 dxe5 10. Be3 Qe7 11. c3 b6 12. b4 Bb7 13. h3 h6 14. Qe2 a5 15. a3
Nh5 16. g3 Rfd8 17. Kh2 Nf8 18. Rfd1 Kh8 19. Ne1 Ne6 20. Bc4 Ng5 21. f3 f5 22.
h4 f4 23. Bf2 fxg3+ 24. Bxg3 Ne6 25. Bxe6 Qxe6 26. Ng2 axb4 27. axb4 Ra2 28.
Rxa2 Qxa2 29. Qe3 Qc2 30. Qe1 Rd3 31. c4 Kh7 32. Bf2 Nf4 33. Ne3 Qa4 34. b5 Qa8
35. Bg3 Qc8 36. Bxf4 exf4 37. Nd5 Qd8 38. Kg2 Qd6 39. Qe2 Rd4 40. Re1 Qa3 41.
Nxf4 Qb4 42. Nf1 Rxc4 43. Ne3 Rc5 44. Nd3 Qxb5 45. Nxc5 Qxc5 46. Qc4 Qe7 47. h5
Qg5+ 48. Kf2 Qh4+ 49. Ke2 Qh2+ 50. Kd3 Qxh5 51. Ng4 Qa5 52. Qxc7 Ba6+ 53. Kc2
Qa2+ 54. Kd1 Qb3+ 55. Kc1 Qxf3 0-1

[Event "Campeonato de España Universitario 2006"]
[Site "Madrid ESP "]
[Date "2006.05.06"]
[Round "3.3"]
[White "Piay Augusto, Diego"]
[Black "Llanes Hurtado, Miguel"]
[Result "1/2-1/2"]
[WhiteElo "2235"]
[BlackElo "2435"]
[PlyCount "104"]
[EventDate "2006.05.06"]
[EventType "swiss"]
[EventRounds "9"]
[EventCountry "ESP"]
[Source "lmi"]
[SourceDate "2006.05.10"]

1. e4 c5 2. c3 d5 3. exd5 Qxd5 4. d4 e6 5. Nf3 Nf6 6. Be2 Nc6 7. Be3 cxd4 8.
cxd4 Be7 9. Nc3 Qd6 10. O-O O-O 11. Qb3 b6 12. Rfd1 Bb7 13. Rac1 Rac8 14. a3
Rfd8 15. Qa2 Qb8 16. d5 exd5 17. Nxd5 Nxd5 18. Rxd5 Rxd5 19. Qxd5 Qd6 20. Qf5
Bf6 21. Rd1 Qe6 22. Qxe6 fxe6 23. Rd7 Nd8 24. h3 Bxb2 25. Ng5 h6 26. Nxe6 Nxe6
27. Rxb7 Rc7 28. Rb8+ Kf7 29. a4 Bc1 30. Bxc1 Rxc1+ 31. Kh2 Rc2 32. Bb5 Kf6 33.
Kg3 Rc3+ 34. Kh2 Rc2 35. Kg3 Rc7 36. Kh2 Nd4 37. Be8 Ke5 38. Rd8 Ne6 39. Rd2
Kf6 40. g3 g5 41. Kg2 Nc5 42. Kf3 Re7 43. Bc6 Re6 44. Bb5 a6 45. Bd7 Nxd7 46.
Rxd7 Rc6 47. Kg4 Kg6 48. f4 h5+ 49. Kf3 Rc3+ 50. Ke4 Rxg3 51. Rd6+ Kf7 52. Rxb6
gxf4 1/2-1/2

[Event "Campeonato de España Universitario 2006"]
[Site "Madrid ESP "]
[Date "2006.05.06"]
[Round "3.4"]
[White "Gonzalez Somoza, Oliver"]
[Black "Franco Alonso, Alejandro"]
[Result "1/2-1/2"]
[WhiteElo "2421"]
[BlackElo "2233"]
[PlyCount "77"]
[EventDate "2006.05.06"]
[EventType "swiss"]
[EventRounds "9"]
[EventCountry "ESP"]
[Source "lmi"]
[SourceDate "2006.05.10"]

1. e4 c5 2. a3 e6 3. b4 cxb4 4. axb4 Bxb4 5. Bb2 Bf8 6. Nf3 Nc6 7. c4 Qb6 8.
Qc2 Nb4 9. Qc1 Nf6 10. e5 Ne4 11. d4 d6 12. Nc3 Nxc3 13. Bxc3 Na6 14. exd6 Qxd6
15. Ne5 Qd8 16. Be2 f6 17. Nd3 Be7 18. Bf3 Nc7 19. O-O O-O 20. Qb2 a6 21. Rfd1
Rb8 22. d5 exd5 23. Nf4 Qe8 24. Re1 Qd8 25. Rad1 Qd6 26. Bxd5+ Kh8 27. Qe2 Bd8
28. Rd4 Nxd5 29. cxd5 Bb6 30. Bb4 Bc5 31. Bxc5 Qxc5 32. Rc4 Qd6 33. Qe7 Qxe7
34. Rxe7 Bf5 35. g4 Bxg4 36. Rcc7 b5 37. Ng6+ hxg6 38. Rxg7 Rfd8 39. Rh7+
1/2-1/2

[Event "Campeonato de España Universitario 2006"]
[Site "Madrid ESP "]
[Date "2006.05.06"]
[Round "3.6"]
[White "Baron Rodriguez, Jesus"]
[Black "Garcia Lopez, Miguel angel"]
[Result "1-0"]
[WhiteElo "2402"]
[BlackElo "2211"]
[PlyCount "65"]
[EventDate "2006.05.06"]
[EventType "swiss"]
[EventRounds "9"]
[EventCountry "ESP"]
[Source "lmi"]
[SourceDate "2006.05.10"]

1. e4 c5 2. Nf3 e6 3. d4 cxd4 4. Nxd4 Qb6 5. Nb3 Qc7 6. Bd3 Nf6 7. Nc3 a6 8. f4
d6 9. O-O Nbd7 10. Qe2 b6 11. Bd2 Bb7 12. Rae1 Be7 13. e5 dxe5 14. fxe5 Nd5 15.
Nxd5 Bxd5 16. Qg4 g6 17. c4 Bb7 18. Kh1 Rd8 19. Bc3 O-O 20. Re3 Nc5 21. Nxc5
Qxc5 22. Rh3 Qc6 23. Rff3 Rd7 24. b3 a5 25. Rfg3 Bc5 26. Qh4 f5 27. exf6 Rff7
28. Rxg6+ Kf8 29. Rg7 Ke8 30. Rhg3 Bf8 31. Rxf7 Rxf7 32. Qh5 Qd7 33. Bxh7 1-0

[Event "Campeonato de España Universitario 2006"]
[Site "Madrid ESP "]
[Date "2006.05.06"]
[Round "3.7"]
[White "Romon Poves, Raul"]
[Black "Martinez Martin, David"]
[Result "1/2-1/2"]
[WhiteElo "2226"]
[BlackElo "2397"]
[PlyCount "82"]
[EventDate "2006.05.06"]
[EventType "swiss"]
[EventRounds "9"]
[EventCountry "ESP"]
[Source "lmi"]
[SourceDate "2006.05.10"]

1. d4 Nf6 2. c4 g6 3. Nc3 Bg7 4. e4 O-O 5. f3 d6 6. Be3 c5 7. Nge2 Nc6 8. d5
Ne5 9. Ng3 e6 10. Be2 exd5 11. cxd5 a6 12. a4 h5 13. O-O h4 14. Nh1 Bd7 15. Nf2
b5 16. axb5 axb5 17. Rxa8 Qxa8 18. f4 Nc4 19. Bxc4 bxc4 20. e5 dxe5 21. fxe5
Nh5 22. Bxc5 Re8 23. e6 fxe6 24. Qg4 Qc8 25. dxe6 Rxe6 26. Qxc4 Kh7 27. Nfe4
Re5 28. Qb4 Bc6 29. Bd4 Rxe4 30. Nxe4 Bxe4 31. Bxg7 Qc2 32. Rf2 Qc1+ 33. Rf1
Qe3+ 34. Rf2 Qc1+ 35. Rf1 Qc2 36. Rf2 Qd1+ 37. Rf1 Qg4 38. Qd2 Kxg7 39. Qd4+
Kh6 40. Qh8+ Kg5 41. Qd8+ Kh6 1/2-1/2

[Event "Campeonato de España Universitario 2006"]
[Site "Madrid ESP "]
[Date "2006.05.06"]
[Round "3.8"]
[White "Baches Garcia, Guillem"]
[Black "Rodriguez Fontecha, Marcos"]
[Result "1-0"]
[WhiteElo "2379"]
[BlackElo "2197"]
[PlyCount "141"]
[EventDate "2006.05.06"]
[EventType "swiss"]
[EventRounds "9"]
[EventCountry "ESP"]
[Source "lmi"]
[SourceDate "2006.05.10"]

1. e4 e6 2. Nf3 d5 3. exd5 exd5 4. d4 Bd6 5. c4 c6 6. Nc3 Ne7 7. Bd3 O-O 8. O-O
Bf5 9. c5 Bc7 10. Re1 Bxd3 11. Qxd3 Nd7 12. Bg5 f6 13. Bh4 Ng6 14. Bg3 Bxg3 15.
hxg3 Re8 16. b4 Qc7 17. Re3 Rxe3 18. Qxe3 Ndf8 19. Re1 Qd7 20. a4 Kf7 21. b5
Re8 22. Qd2 Rxe1+ 23. Qxe1 Qe6 24. Qb1 Qc8 25. Qb4 Ne6 26. Qa5 Qb8 27. Qb4 Qc8
28. a5 Ne7 29. Qb1 Kg8 30. Kf1 g6 31. Qb3 Kg7 32. Ne2 Nf5 33. Qd3 Qd8 34. b6 a6
35. g4 Nh6 36. Qe3 Qd7 37. Nf4 Nxf4 38. Qxf4 Nxg4 39. Qc7 Qf7 40. Ne1 Nh6 41.
Nf3 Ng8 42. Qc8 Qe7 43. g3 h5 44. Ne1 Nh6 45. Qc7 Nf5 46. Qf4 Qe4 47. Qxe4 dxe4
48. Nc2 Kf7 49. d5 cxd5 50. Nb4 Ke6 51. Nxa6 Ne7 52. Nb8 Nc8 53. a6 bxa6 54.
Nxa6 Ne7 55. b7 Nc6 56. Nc7+ Ke5 57. Na6 d4 58. b8=Q+ Nxb8 59. Nxb8 Kd5 60. c6
Kd6 61. Nd7 f5 62. Ne5 g5 63. Nf7+ Kxc6 64. Nxg5 Kd5 65. Ke2 f4 66. gxf4 h4 67.
Kd2 h3 68. Nxh3 Ke6 69. Ke2 Kf5 70. f3 e3 71. Kd3 1-0

[Event "Campeonato de España Universitario 2006"]
[Site "Madrid ESP "]
[Date "2006.05.06"]
[Round "3.9"]
[White "Perez Lopez, Jesus Maria"]
[Black "Llaneza Vega, Marcos"]
[Result "1-0"]
[WhiteElo "2212"]
[BlackElo "2361"]
[PlyCount "51"]
[EventDate "2006.05.06"]
[EventType "swiss"]
[EventRounds "9"]
[EventCountry "ESP"]
[Source "lmi"]
[SourceDate "2006.05.10"]

1. d4 Nf6 2. Nf3 c5 3. d5 b5 4. c4 Bb7 5. e3 g6 6. a4 bxc4 7. Bxc4 Bg7 8. O-O
O-O 9. Nc3 d6 10. a5 Na6 11. Qe2 Nb4 12. Rd1 Rb8 13. h3 Nd7 14. e4 Be5 15. Bh6
Re8 16. Nxe5 Nxe5 17. Bb5 c4 18. Ra4 Na6 19. Bxe8 Qxe8 20. f4 Nc5 21. fxe5 Nxa4
22. exd6 Nxc3 23. bxc3 exd6 24. Qxc4 Bc8 25. Qc7 Rb2 26. Qxd6 1-0

[Event "Campeonato de España Universitario 2006"]
[Site "Madrid ESP "]
[Date "2006.05.06"]
[Round "3.11"]
[White "Prieto Aranguren, Alain"]
[Black "Navarro Cia, Miguel"]
[Result "0-1"]
[WhiteElo "2142"]
[BlackElo "2350"]
[PlyCount "96"]
[EventDate "2006.05.06"]
[EventType "swiss"]
[EventRounds "9"]
[EventCountry "ESP"]
[Source "lmi"]
[SourceDate "2006.05.10"]

1. e4 Nf6 2. Nc3 d5 3. exd5 Nxd5 4. Bc4 c6 5. Qf3 Nf6 6. Nge2 g6 7. d4 Bg7 8.
h3 O-O 9. g4 Nbd7 10. Bf4 c5 11. dxc5 Nxc5 12. Rd1 Qb6 13. Be3 Bd7 14. O-O Qb4
15. Bb3 Nxb3 16. axb3 Bc6 17. Qf4 Qxf4 18. Nxf4 Ne4 19. Nfd5 Nxc3 20. bxc3 Kh8
21. c4 e6 22. Nf4 Bf3 23. Rd2 a6 24. Ne2 e5 25. Nc3 f5 26. Rd7 Rfd8 27. Rxd8+
Rxd8 28. g5 Kg8 29. Nd5 Kf7 30. Re1 Bxd5 31. Rd1 Ke6 32. f4 exf4 33. Bxf4 Rd7
34. cxd5+ Rxd5 35. Re1+ Kd7 36. Re2 Bd4+ 37. Kg2 Bc5 38. Kf3 b5 39. h4 a5 40.
h5 a4 41. hxg6 hxg6 42. bxa4 bxa4 43. Re1 a3 44. Ra1 Kc6 45. Bc1 Rd1 46. Ke2
Rg1 47. Kd3 Be7 48. Rxa3 Bxa3 0-1

[Event "Campeonato de España Universitario 2006"]
[Site "Madrid ESP "]
[Date "2006.05.06"]
[Round "3.12"]
[White "Camarena Gimenez, Rufino"]
[Black "Jimenez Martinez, Jose Vicente"]
[Result "1-0"]
[WhiteElo "2342"]
[BlackElo "2178"]
[PlyCount "65"]
[EventDate "2006.05.06"]
[EventType "swiss"]
[EventRounds "9"]
[EventCountry "ESP"]
[Source "lmi"]
[SourceDate "2006.05.10"]

1. d4 g6 2. e4 Bg7 3. c4 d6 4. Nc3 Nf6 5. Nf3 O-O 6. Be2 e5 7. d5 Nbd7 8. Bg5
h6 9. Bh4 a5 10. Nd2 c6 11. O-O Qc7 12. a3 Re8 13. b4 c5 14. Nb5 Qb8 15. bxa5
Rxa5 16. Qc2 Nf8 17. a4 g5 18. Bg3 Ng6 19. Rfe1 Nf4 20. Nf1 Bd7 21. Ne3 b6 22.
Ra3 Bxb5 23. cxb5 Qc7 24. Nc4 Raa8 25. Rea1 Bf8 26. a5 Nd7 27. Bg4 Nf6 28. axb6
Qb7 29. Bf5 Nd7 30. Ra6 Nxb6 31. Nxb6 Qxb6 32. Rxa8 Rxa8 33. Rxa8 1-0

[Event "Campeonato de España Universitario 2006"]
[Site "Madrid ESP "]
[Date "2006.05.06"]
[Round "3.13"]
[White "Encinas Encinas, alvaro"]
[Black "Gonzalez Menendez, Ivan"]
[Result "1/2-1/2"]
[WhiteElo "2133"]
[BlackElo "2413"]
[PlyCount "92"]
[EventDate "2006.05.06"]
[EventType "swiss"]
[EventRounds "9"]
[EventCountry "ESP"]
[Source "lmi"]
[SourceDate "2006.05.10"]

1. e4 c6 2. d4 d5 3. e5 g6 4. Nf3 Bg7 5. c4 Nh6 6. h3 O-O 7. Nc3 Na6 8. Bf4 f6
9. Rc1 Be6 10. cxd5 Bxd5 11. Nxd5 cxd5 12. Bxa6 bxa6 13. O-O fxe5 14. Bxe5 Qb6
15. Qe2 Nf5 16. g4 Bxe5 17. Qxe5 Ng7 18. Rc7 Qe6 19. Rxe7 Qxe5 20. Nxe5 Rfe8
21. Rd7 Red8 22. Re1 Ne6 23. Rxd8+ Rxd8 24. Nxg6 Nxd4 25. Rd1 Nc6 26. Nf4 d4
27. Nd3 Kf7 28. f4 Re8 29. Re1 Rxe1+ 30. Nxe1 Ke6 31. Nd3 Kd5 32. Kf2 Kc4 33.
Ke2 Ne7 34. f5 Nd5 35. Ne5+ Kc5 36. Nd7+ Kd6 37. Nf8 Nf4+ 38. Kf3 d3 39. Ke3 h6
40. Ne6 Nxh3 41. a3 d2 42. Kxd2 Nf2 43. g5 hxg5 44. Nxg5 Ke5 45. Nf7+ Kxf5 46.
Nd6+ Ke6 1/2-1/2

[Event "Campeonato de España Universitario 2006"]
[Site "Madrid ESP "]
[Date "2006.05.06"]
[Round "3.14"]
[White "Alcazar Jimenez, Jesus"]
[Black "Chalmeta Ugas, Ramon"]
[Result "1/2-1/2"]
[WhiteElo "2316"]
[BlackElo "2177"]
[PlyCount "133"]
[EventDate "2006.05.06"]
[EventType "swiss"]
[EventRounds "9"]
[EventCountry "ESP"]
[Source "lmi"]
[SourceDate "2006.05.10"]

1. e4 c5 2. Nf3 d6 3. d4 cxd4 4. Nxd4 Nf6 5. Nc3 g6 6. Bb5+ Bd7 7. Bxd7+ Qxd7
8. O-O Bg7 9. Bg5 Nc6 10. Nxc6 bxc6 11. Qd2 O-O 12. Rad1 Qc7 13. Rfe1 Rfd8 14.
b3 Rab8 15. h3 Re8 16. Qe3 Nd7 17. Na4 Nb6 18. Nxb6 Qxb6 19. c4 Qxe3 20. Bxe3
a5 21. c5 dxc5 22. Bxc5 a4 23. Rd3 axb3 24. axb3 Rb5 25. b4 e6 26. Red1 Bf8 27.
Rd8 Rb8 28. Rxe8 Rxe8 29. Rd7 Rc8 30. f3 Bxc5+ 31. bxc5 Kf8 32. Kf2 Ke8 33. Rd6
Ke7 34. Ke3 h5 35. g4 hxg4 36. hxg4 Rc7 37. e5 g5 38. f4 gxf4+ 39. Kxf4 Rc8 40.
g5 Rc7 41. Rd1 Ra7 42. g6 fxg6 43. Rh1 Ra2 44. Rh7+ Kf8 45. Kg5 Rf2 46. Kxg6
Rf5 47. Rh8+ Ke7 48. Rh5 Rf2 49. Rh7+ Ke8 50. Rh8+ Ke7 51. Rh7+ Ke8 52. Rc7 Rf5
53. Rxc6 Rxe5 54. Kf6 Rh5 55. Kxe6 Kd8 56. Kd6 Rh6+ 57. Kd5 Rh4 58. Rg6 Kc7 59.
Rg7+ Kc8 60. Rg5 Rh6 61. c6 Kc7 62. Rg7+ Kc8 63. Kc5 Rh1 64. Rg8+ Kc7 65. Rg7+
Kc8 66. Rg8+ Kc7 67. Rg7+ 1/2-1/2

[Event "Campeonato de España Universitario 2006"]
[Site "Madrid ESP "]
[Date "2006.05.06"]
[Round "3.15"]
[White "Lopez del Alamo, Antonio"]
[Black "Ruiz Marana, Alejandro"]
[Result "0-1"]
[WhiteElo "2300"]
[BlackElo "2130"]
[PlyCount "60"]
[EventDate "2006.05.06"]
[EventType "swiss"]
[EventRounds "9"]
[EventCountry "ESP"]
[Source "lmi"]
[SourceDate "2006.05.10"]

1. e4 d5 2. exd5 Qxd5 3. Nc3 Qa5 4. d4 Nf6 5. Bc4 Bf5 6. Bd2 c6 7. Nd5 Qd8 8.
Nxf6+ gxf6 9. Nf3 e6 10. Bb3 Nd7 11. Qe2 Qc7 12. O-O-O O-O-O 13. Nh4 Bg6 14. g3
Bd6 15. Ng2 Kb8 16. h4 h5 17. Nf4 e5 18. Nxg6 fxg6 19. Bf7 Nf8 20. dxe5 Qxf7
21. exd6 Qxa2 22. c4 Nd7 23. Bc3 Rhe8 24. Qf1 Re4 25. f3 Rxc4 26. Qe1 Nc5 27.
Kc2 Qb3+ 28. Kb1 Na4 29. Rd3 Rxc3 30. Rd2 Re3 0-1

[Event "Campeonato de España Universitario 2006"]
[Site "Madrid ESP "]
[Date "2006.05.07"]
[Round "4.1"]
[White "Ibarra Jerez, Jose Carlos"]
[Black "Camarena Gimenez, Rufino"]
[Result "1/2-1/2"]
[WhiteElo "2445"]
[BlackElo "2342"]
[PlyCount "129"]
[EventDate "2006.05.06"]
[EventType "swiss"]
[EventRounds "9"]
[EventCountry "ESP"]
[Source "lmi"]
[SourceDate "2006.05.10"]

1. e4 e6 2. d4 d5 3. Nc3 dxe4 4. Nxe4 Bd7 5. Nf3 Bc6 6. Neg5 Bd6 7. Bd3 h6 8.
Ne4 Bxe4 9. Bxe4 c6 10. c3 Nf6 11. Bc2 Nbd7 12. O-O Qc7 13. Re1 O-O 14. Qe2 e5
15. dxe5 Nxe5 16. Nxe5 Bxe5 17. g3 Rae8 18. Be3 Re7 19. Rad1 Rfe8 20. Qf3 b6
21. Kg2 Qc8 22. h3 Bb8 23. Bf5 Qb7 24. Bd2 Rxe1 25. Rxe1 Rxe1 26. Bxe1 Bd6 27.
Bd2 Qc7 28. Bc2 Be7 29. c4 Qd6 30. Bc3 Qe6 31. Qd3 Qd6 32. Qf5 Qe6 33. Qxe6
fxe6 34. Bg6 Bd6 35. f4 Kf8 36. Kf3 b5 37. cxb5 cxb5 38. Bd4 a6 39. h4 Nd7 40.
Be3 Bc5 41. Bd2 Nb6 42. b3 Nd5 43. Be4 Bd4 44. a4 Nc3 45. Bc2 bxa4 46. bxa4 a5
47. g4 Kf7 48. h5 Ke7 49. g5 Kf7 50. Bb3 Ke7 51. Kg4 Kf8 52. Bxe6 Nxa4 53. Bxa5
Nc5 54. Bd5 Nd3 55. Kf5 hxg5 56. fxg5 Bc5 57. Bc3 Nb4 58. Bc4 Nc6 59. Kg6 Bd4
60. Bxd4 Nxd4 61. h6 gxh6 62. gxh6 Nc6 63. Kf6 Nd8 64. Kg6 Nc6 65. Kf6 1/2-1/2

[Event "Campeonato de España Universitario 2006"]
[Site "Madrid ESP "]
[Date "2006.05.07"]
[Round "4.3"]
[White "Martin Perez, Javier"]
[Black "Baron Rodriguez, Jesus"]
[Result "1/2-1/2"]
[WhiteElo "2283"]
[BlackElo "2402"]
[PlyCount "99"]
[EventDate "2006.05.06"]
[EventType "swiss"]
[EventRounds "9"]
[EventCountry "ESP"]
[Source "lmi"]
[SourceDate "2006.05.10"]

1. e4 e5 2. Nf3 Nc6 3. Bb5 a6 4. Ba4 Nf6 5. O-O Nxe4 6. d4 b5 7. Bb3 d5 8. dxe5
Be6 9. Nbd2 Nc5 10. c3 Be7 11. Bc2 d4 12. cxd4 Nxd4 13. Nxd4 Qxd4 14. Qe2 Rd8
15. Nf3 Qc4 16. Qxc4 Bxc4 17. Rd1 Rxd1+ 18. Bxd1 O-O 19. b3 Bd3 20. Be3 Ne6 21.
Ne1 Be4 22. Be2 Rd8 23. f3 Bd5 24. Rc1 g5 25. Nd3 c6 26. Kf2 a5 27. Nc5 Nxc5
28. Bxc5 Kf8 29. Ke3 Ke8 30. Bd3 h6 31. Rc2 Bxc5+ 32. Rxc5 Ke7 33. a4 Bxb3 34.
axb5 cxb5 35. Rxb5 a4 36. Ra5 Ke6 37. Bb5 Rd5 38. Ra6+ Kxe5 39. Bxa4 Bc4 40.
Rxh6 Rd3+ 41. Kf2 Rd2+ 42. Kg3 Bf1 43. Kg4 Rxg2+ 44. Kh5 Be2 45. Bc6 Bd3 46.
f4+ Kxf4 47. Rf6+ Ke5 48. Rxf7 Rxh2+ 49. Kxg5 Rh3 50. Kg4 1/2-1/2

[Event "Campeonato de España Universitario 2006"]
[Site "Madrid ESP "]
[Date "2006.05.07"]
[Round "4.4"]
[White "Perez Lopez, Jesus Maria"]
[Black "Baches Garcia, Guillermo"]
[Result "0-1"]
[WhiteElo "2212"]
[BlackElo "2379"]
[PlyCount "99"]
[EventDate "2006.05.06"]
[EventType "swiss"]
[EventRounds "9"]
[EventCountry "ESP"]
[Source "lmi"]
[SourceDate "2006.05.10"]

1. d4 Nf6 2. Nf3 e6 3. c4 Bb4+ 4. Bd2 c5 5. g3 Qb6 6. Qb3 Nc6 7. dxc5 Bxd2+ 8.
Nbxd2 Qxc5 9. Bg2 b6 10. O-O Bb7 11. Rac1 Rc8 12. a3 O-O 13. Qa4 Qe7 14. b4 d6
15. Nb3 Rc7 16. Rc2 Rfc8 17. Rfc1 e5 18. e3 Nb8 19. Nbd2 Nbd7 20. Ng5 Bxg2 21.
Kxg2 e4 22. h4 Ne5 23. Rd1 d5 24. Rdc1 Nd3 25. Rd1 dxc4 26. b5 h6 27. Nh3 c3
28. Nxe4 Nb2 29. Nxf6+ Qxf6 30. Qd4 Nxd1 31. Qxd1 Qf5 32. Nf4 Rd7 33. Qe2 Qe4+
34. Kh2 Qc4 35. Qe1 Qxb5 36. Rxc3 Rxc3 37. Qxc3 Qc5 38. Qb2 Rd1 39. Qe2 Rd6 40.
a4 Qc6 41. Qg4 Qd7 42. Qf3 Qc6 43. Qg4 Qd7 44. Qf3 Qxa4 45. g4 Qc6 46. Qg3 Rd1
47. Ng2 Qd6 48. f4 Rd2 49. g5 hxg5 50. hxg5 0-1

[Event "Campeonato de España Universitario 2006"]
[Site "Madrid ESP "]
[Date "2006.05.07"]
[Round "4.5"]
[White "Ruiz Marana, Alejandro"]
[Black "Almagro Llanas, Pablo"]
[Result "0-1"]
[WhiteElo "2130"]
[BlackElo "2357"]
[PlyCount "82"]
[EventDate "2006.05.06"]
[EventType "swiss"]
[EventRounds "9"]
[EventCountry "ESP"]
[Source "lmi"]
[SourceDate "2006.05.10"]

1. e4 c6 2. d4 d5 3. Nc3 dxe4 4. Nxe4 Bf5 5. Ng3 Bg6 6. Bc4 e6 7. N1e2 Nf6 8.
c3 Nbd7 9. f4 Bd6 10. O-O Nb6 11. Bb3 Bf5 12. Nxf5 exf5 13. Ng3 g6 14. Qf3 Qc7
15. Re1+ Kf8 16. Bd2 h5 17. c4 c5 18. Re5 Bxe5 19. fxe5 Ng4 20. h3 cxd4 21.
hxg4 hxg4 22. Qf4 Nd7 23. Bb4+ Kg8 24. Bd6 Qd8 25. c5 Nf8 26. Nxf5 gxf5 27.
Qxf5 Rh7 28. Rf1 Qd7 29. Qf6 Ne6 30. Rf5 Re8 31. Bxe6 fxe6 32. Rg5+ Rg7 33. Rh5
Qd8 34. Qh6 Qa5 35. Qc1 d3 36. a3 Qa4 37. b4 Qc2 38. Qh6 Qd1+ 39. Kf2 g3+ 40.
Ke3 Qe2+ 41. Kd4 Rg4+ 0-1

[Event "Campeonato de España Universitario 2006"]
[Site "Madrid ESP "]
[Date "2006.05.07"]
[Round "4.6"]
[White "Perez Candelario, Manuel"]
[Black "Exposito Amaro, Josue"]
[Result "1-0"]
[WhiteElo "2511"]
[BlackElo "2215"]
[PlyCount "41"]
[EventDate "2006.05.06"]
[EventType "swiss"]
[EventRounds "9"]
[EventCountry "ESP"]
[Source "lmi"]
[SourceDate "2006.05.10"]

1. e4 c5 2. Nc3 Nc6 3. Nge2 Nf6 4. d4 cxd4 5. Nxd4 e5 6. Ndb5 d6 7. Bg5 a6 8.
Na3 Be6 9. Nc4 Be7 10. Bxf6 gxf6 11. Ne3 Qa5 12. Bd3 h5 13. O-O O-O-O 14. Ncd5
Bxd5 15. Nxd5 Rde8 16. c3 f5 17. b4 Qa3 18. Qc2 fxe4 19. Bxe4 Bd8 20. Ne3 Reg8
21. Bxc6 1-0